Trattato delle donazioni secondo il Diritto civile italiano con riguardo al Diritto romano efalla giurisprudenzia moderna dell'arrocato / (Record no. 26901)
[ view plain ]
| 000 -LEADER | |
|---|---|
| campo de control de longitud fija | 00538nam a2200157 i 4500 |
| 001 - NÚMERO DE CONTROL | |
| campo de control | 26901 |
| 003 - IDENTIFICADOR DE NÚMERO DE CONTROL | |
| campo de control | ES-MaACL |
| 005 - FECHA Y HORA DE LA ÚLTIMA TRANSACCIÓN | |
| campo de control | 20230906153524.0 |
| 007 - CAMPO FIJO DE DESCRIPCIÓN FÍSICA--INFORMACIÓN GENERAL | |
| campo de control de longitud fija | t| |
| 008 - DATOS DE LONGITUD FIJA--INFORMACIÓN GENERAL | |
| campo de control de longitud fija | 030113s1898 it ||||1| ita d |
| 100 1# - ENTRADA PRINCIPAL--NOMBRE DE PERSONA | |
| Nombre de persona | Ascoli, Alfredo. |
| 9 (RLIN) | 23548 |
| 245 10 - MENCIÓN DEL TÍTULO | |
| Título | Trattato delle donazioni secondo il Diritto civile italiano con riguardo al Diritto romano efalla giurisprudenzia moderna dell'arrocato / |
| Mención de responsabilidad, etc. | Alfredo Ascoli. |
| 260 ## - PUBLICACIÓN, DISTRIBUCIÓN, ETC. | |
| Lugar de publicación, distribución, etc. | Firenze : |
| Nombre del editor, distribuidor, etc. | [s.n., |
| Fecha de publicación, distribución, etc. | 1898] ( |
| Fabricante | Prato Tip. Giachetti) |
| 300 ## - DESCRIPCIÓN FÍSICA | |
| Extensión | 540 p. ; |
| Dimensiones | 24 cm. |
| 852 ## - LOCALIZACIÓN | |
| Ubicación | ES-MaACL |
| Número de control de estantería | F-1009 |
| Estatus retirado | Estado de pérdida | Estado de daño | No para préstamo | Colección | Biblioteca de origen | Biblioteca actual | Ubicación en estantería | Fecha de adquisición | Fuente de adquisición | Total de préstamos | Signatura topográfica completa | Código de barras | Visto por última vez | Precio de reemplazo | Tipo de ítem Koha |
|---|---|---|---|---|---|---|---|---|---|---|---|---|---|---|---|
| Libros del s. XIX | Biblioteca del Ateneo de Madrid | Biblioteca del Ateneo de Madrid | Depósito 2 | 17/01/2008 | F-1009 | 1027768 | 23/02/2023 | 23/02/2023 | Libro impreso antiguo |
